000 00485 a2200169 4500
003 OSt
005 20231102160217.0
008 231102b |||||||| |||| 00| 0 eng d
020 _a9839154370
040 _coclc
082 _a297
_bAYO/I
100 _aAyoub, Mahmoud M
_92150
245 _aIslam :
_bfaith and practice /
_cMahmoud M Ayoub
260 _aKaula Lumpur:
_bIslamic Book Trust,
_c2001.
300 _a217p
942 _2ddc
_cBK
_h297
_iAYO/I
_k297
_mAYO/I
999 _c42760
_d42760